Teacher field school on integrated pest management (IPM) សាលារៀនវិធានការចំរុះថែទាំដំណាំសម្រាប់គ្រូបង្រៀន ចំណេះទូទៅ (Record no. 439)

000 -LEADER
fixed length control field 00580nam a22001577a 4500
003 - CONTROL NUMBER IDENTIFIER
control field OSt
005 - DATE AND TIME OF LATEST TRANSACTION
control field 20150914144233.0
008 - FIXED-LENGTH DATA ELEMENTS--GENERAL INFORMATION
fixed length control field 150914b xxu||||| |||| 00| 0 eng d
040 ## - CATALOGING SOURCE
Transcribing agency RUA
082 ## - DEWEY DECIMAL CLASSIFICATION NUMBER
Classification number AGR MOK 1999 B026 Or.1
100 ## - MAIN ENTRY--PERSONAL NAME
9 (RLIN) 460
Personal name MOK, ORA.
245 ## - TITLE STATEMENT
Title Teacher field school on integrated pest management (IPM) សាលារៀនវិធានការចំរុះថែទាំដំណាំសម្រាប់គ្រូបង្រៀន ចំណេះទូទៅ
260 ## - PUBLICATION, DISTRIBUTION, ETC. (IMPRINT)
Place of publication, distribution, etc. Phnom Penh
Name of publisher, distributor, etc. RUA
Date of publication, distribution, etc. 1999
300 ## - PHYSICAL DESCRIPTION
Extent 54p.
Other physical details ill.
Dimensions 29cm.
942 ## - ADDED ENTRY ELEMENTS (KOHA)
Source of classification or shelving scheme
Koha item type AGR
Holdings
Price effective from Date last seen Permanent Location Not for loan Date acquired Source of classification or shelving scheme Koha item type Barcode Lost status Damaged status Withdrawn status Current Location Full call number
2015-09-142015-09-14Library Block B 2015-09-14 AGRRUA004038   Library Block BAGR MOK 1999 B026 Or.1
2015-09-142015-09-14Library Block B 2015-09-14 AGRRUA004037   Library Block BAGR MOK 1999 B026 Or.2
2015-09-142015-09-14Library Block B 2015-09-14 AGRRUA005289   Library Block BAGR MOK 1999 B026 Or.3
2015-09-142015-09-14Library Block B 2015-09-14 AGRRUA005001   Library Block BAGR MOK 1999 B026 Or.4
2015-09-142015-09-14Library Block B 2015-09-14 AGRRUA005217   Library Block BAGR MOK 1999 B026 Or.5
2015-09-142015-09-14Library Block B 2015-09-14 AGRRUA005145   Library Block BAGR MOK 1999 B026 Or.6
2015-09-142015-09-14Library Block B 2015-09-14 AGRRUA005073   Library Block BAGR MOK 1999 B026 Or.7
2015-09-142015-09-14Library Block B 2015-09-14 AGRRUA005013   Library Block BAGR MOK 1999 B026 Or.8
2015-09-142015-09-14Library Block B 2015-09-14 AGRRUA005295   Library Block BAGR MOK 1999 B026 Or.9
2015-09-142015-09-14Library Block B 2015-09-14 AGRRUA005223   Library Block BAGR MOK 1999 B026 Or.10
មជ្ឈមណ្ឌលឯការនៃសាកលវិទ្យាល័យភូមិន្ទកសិកម្មចំការដូង

Powered by Koha